000 00535nam a22001937a 4500
003 BD-ChCU
005 20251111125236.0
008 251111b ii ||||| |||| 00| 0 eng d
020 _a9789355013736
040 _cBD-ChCU
082 _a363.34 E56
100 _aDas, Purnendu Kumar
_915979
245 _aEnvironmental Studies and disaster management /
_cPurnendu Kumar Das
250 _a1st ed.
260 _aIndia:
_bS. Chand Pub.
_cc2023
300 _a310p.
650 0 _aEnvironment and Disaster
_915981
942 _2ddc
_cBK
_n0
999 _c109346
_d109346